Arctic or Antarctic - Statistics

General Stats
  • This quiz has been taken 35 times
  • The average score is 8 of 9
Answer Stats
Question Answer % Correct
Has an official flag Antarctica
100%
Is colder Antarctica
100%
Has an Inuit population Arctic
100%
1 Million tourists travel here each year Arctic
100%
You can find Polar bears here Arctic
100%
You can find Nuuk here Arctic
100%
Is a monarchy None
100%
Is a desert Antarctica
50%
Has 134 "Airports" Arctic
0%
No matching quizzes found
Score Distribution
Percent of People with Each Score
Percentile by Number Answered
Your Score History
You have not taken this quiz